| 000 | 00801nam a2200217 a 4500 | ||
|---|---|---|---|
| 001 | 47261 | ||
| 003 | BD-RjUL | ||
| 005 | 20211209054302.0 | ||
| 008 | 160807r19811976bg ||||| |||| 00| 0 ben d | ||
| 035 | _a(BD-RjUL)47380 | ||
| 040 |
_aBD-RjUL _bben _cBD-RjUL _dBD-RjUL |
||
| 041 | _aben | ||
| 082 |
_223 _a343.08 _bISA 1981 |
||
| 100 |
_aইসলাম, মফিজুল _9143865 |
||
| 245 | 1 | 0 |
_aআধুনিক বাণিজ্যক আইন / _cমফিজুল ইসলাম |
| 260 |
_aঢাকা : _bস্টুডেন্ট পাবলিশিং, _c১৯৭৬ [পুনমুদ্রণ ১৯৮১] |
||
| 300 |
_a৫৩০,৬৪ পৃ. ; _c২৫ সেমি. |
||
| 650 |
_aবাণিজ্য আইন _9143866 |
||
| 650 |
_aTrade law _9143867 |
||
| 942 |
_2ddc _cBK |
||
| 999 |
_c47261 _d47261 |
||